Farm Management Pocketbook (Record no. 115789)

MARC details
000 -LEADER
fixed length control field 00624cam a22002415a 4500
001 - CONTROL NUMBER
control field L159301
008 - FIXED-LENGTH DATA ELEMENTS--GENERAL INFORMATION
fixed length control field 130411s2015 xxk f 000 0 eng d
020 ## - INTERNATIONAL STANDARD BOOK NUMBER
International Standard Book Number 9780957693937
035 ## - SYSTEM CONTROL NUMBER
System control number (Sirsi) u159301
041 0# - LANGUAGE CODE
Language code of text/sound track or separate title eng
050 04 - LIBRARY OF CONGRESS CALL NUMBER
Classification number 631.1 $2 18
100 1# - MAIN ENTRY--PERSONAL NAME
Personal name Nix, John
245 00 - TITLE STATEMENT
Title Farm Management Pocketbook
250 ## - EDITION STATEMENT
Edition statement 46th ed.
260 ## - PUBLICATION, DISTRIBUTION, ETC.
Place of publication, distribution, etc. Leicestershire
Name of publisher, distributor, etc. The Pocketbook
Date of publication, distribution, etc. 2015
300 ## - PHYSICAL DESCRIPTION
Extent viii, 300p, 22cm
520 ## - SUMMARY, ETC.
Summary, etc. Covers all aspects of farm management.
520 ## - SUMMARY, ETC.
Summary, etc. Superceded by ISBN: 9780957693944
590 ## - LOCAL NOTE (RLIN)
Local note KA
651 #4 - SUBJECT ADDED ENTRY--GEOGRAPHIC NAME
Geographic name ENGLAND AND WALES
690 ## - LOCAL SUBJECT ADDED ENTRY--TOPICAL TERM (OCLC, RLIN)
Topical term or geographic name as entry element Rural
9 (RLIN) 6268
942 ## - ADDED ENTRY ELEMENTS (KOHA)
Suppress in OPAC 0
Holdings
Withdrawn status Lost status Source of classification or shelving scheme Damaged status Not for loan Home library Current library Shelving location Date acquired Total Checkouts Full call number Barcode Date last seen Copy number Price effective from Koha item type
    Dewey Decimal Classification     London London Basement 20/05/2016   BASEMENT 61 30079064 06/08/2019 1 06/08/2019 Book